Modern Psychology/ (Record no. 244)
[ view plain ]
| 000 -LEADER | |
|---|---|
| fixed length control field | 00523nam a22001817a 4500 |
| 003 - CONTROL NUMBER IDENTIFIER | |
| control field | GBCCL |
| 005 - DATE AND TIME OF LATEST TRANSACTION | |
| control field | 20241126110333.0 |
| 008 - FIXED-LENGTH DATA ELEMENTS--GENERAL INFORMATION | |
| fixed length control field | 161012b xxu||||| |||| 00| 0 eng d |
| 040 ## - CATALOGING SOURCE | |
| Transcribing agency | GBC |
| 082 ## - DEWEY DECIMAL CLASSIFICATION NUMBER | |
| Classification number | 150 |
| Item number | HAR |
| 100 1# - MAIN ENTRY--PERSONAL NAME | |
| Personal name | HArriman, Philip L. |
| 9 (RLIN) | 119 |
| 245 ## - TITLE STATEMENT | |
| Title | Modern Psychology/ |
| Statement of responsibility, etc. | Philip L Harriman |
| 260 ## - PUBLICATION, DISTRIBUTION, ETC. | |
| Place of publication, distribution, etc. | New Jersey: |
| Name of publisher, distributor, etc. | Littlefield, Adams and Co., |
| Date of publication, distribution, etc. | c1966 |
| 300 ## - PHYSICAL DESCRIPTION | |
| Extent | 316p. |
| Dimensions | 20cm. |
| 504 ## - BIBLIOGRAPHY, ETC. NOTE | |
| Bibliography, etc. note | includes self-testing exercises, glossary, appendix,indexes,etc |
| 650 #0 - SUBJECT ADDED ENTRY--TOPICAL TERM | |
| Topical term or geographic name entry element | Psychology |
| 9 (RLIN) | 120 |
| 942 ## - ADDED ENTRY ELEMENTS (KOHA) | |
| Source of classification or shelving scheme | Dewey Decimal Classification |
| Koha item type | Books |
| Koha issues (borrowed), all copies | 2 |
| Withdrawn status | Lost status | Source of classification or shelving scheme | Damaged status | Not for loan | Home library | Current Library | Shelving location | Date acquired | Total checkouts | Full call number | Barcode | Date last seen | Date last checked out | Copy number | Price effective from | Koha item type |
|---|---|---|---|---|---|---|---|---|---|---|---|---|---|---|---|---|
| Dewey Decimal Classification | GRACE BIBLE COLLEGE | GRACE BIBLE COLLEGE | Philosophy and Religion | 2016-10-12 | 2 | 150 HAR | 007974 | 2025-05-01 | 2020-10-30 | c.1 | 2016-10-12 | Books |